До свидания, мальчики!: Повесть. Рассказы. Пьеса. Публицистика

Bibliographic Details
Main Author: Балтер Б. И. Борис Исаакович
Other Authors: Сидоров Е. (автор предисловия), Радченко-Балтер Г. Ф. (составитель), Левинсон В. И. (иллюстратор)
Language:Russian
Published: Москва, Советский писатель, 1991
Subjects:
Format: MixedMaterials Book
KOHA link:https://koha.lib.tpu.ru/cgi-bin/koha/opac-detail.pl?biblionumber=133423

MARC

LEADER 00000nam0a2200000 4500
001 133423
005 20231031135324.0
010 |a 5265010505 
020 |a RU  |b 91-25457 
035 |a (RuTPU)RU\TPU\book\144585 
090 |a 133423 
100 |a 20080317d1991 m y0rusy5003 ca 
101 0 |a rus 
102 |a RU 
105 |a a z 000ay 
200 1 |a До свидания, мальчики!  |e Повесть. Рассказы. Пьеса. Публицистика  |f Б. И. Балтер  |g авт. предисл. Е. Сидоров ; сост. Г. Ф. Радченко-Балтер ; худож. В. И. Левинсон 
210 |a Москва  |c Советский писатель  |d 1991 
215 |a 368 с.  |c ил.  |d 21 см 
327 1 |a Содерж.: А у нас во дворе...: Пьеса; До свидания, мальчики!: Повесть; Рассказы: Открытие; Неожиданный день; Проездом; Публицистика 
610 1 |a советская литература 
610 1 |a повести 
610 1 |a рассказы 
610 1 |a пьесы 
610 1 |a публицистика 
675 |a Р2  |z rus 
700 1 |a Балтер  |b Б. И.  |g Борис Исаакович  |4 070 
702 1 |a Сидоров  |b Е.  |4 080 
702 1 |a Радченко-Балтер  |b Г. Ф.  |4 220 
702 1 |a Левинсон  |b В. И.  |4 440 
801 0 |a RU  |b RuMRKP  |c 19950417  |g psbo 
801 1 |a RU  |b 63413507  |c 20080317  |g PSBO 
801 2 |a RU  |b 63413507  |c 20080317  |g PSBO 
942 |c BK